| 000 | 01208fam a2200337 a 4500 | ||
|---|---|---|---|
| 001 | 4446372 | ||
| 003 | GBCCL | ||
| 005 | 20241126110353.0 | ||
| 008 | 990422s1999 ii b 001 0 eng | ||
| 010 | _a 99933500 | ||
| 020 | _a8186791167 | ||
| 025 | _aI-E-99-933500; 61-30 | ||
| 035 | _a(OCoLC)ocn685962852 | ||
| 035 | _a4446372 | ||
| 037 |
_bLibrary of Congress -- New Delhi Field Office _cRs500.00 |
||
| 040 |
_aDLC _cDLC |
||
| 042 | _alcode | ||
| 043 | _aa-ii--- | ||
| 050 | 0 | 0 |
_aDS485.M28 _bJ52 1999 |
| 082 |
_a261.70954 _bJEY |
||
| 100 | 1 |
_aJeyakumar, D. Arthur, _d1944- _91950 |
|
| 245 | 1 | 0 |
_aChristians and the national movement : _bthe memoranda of 1919 and the national movement, with special reference to Protestant Christians in Tamil Nadu, 1919-1939 / _cD. Arthur Jeyakumar. |
| 250 | _a2nd ed. | ||
| 260 |
_aBangalore : _bCFCC, _c2009. |
||
| 300 |
_aviii, 282 p. ; _c22 cm. |
||
| 504 | _aIncludes bibliographical references (p. [239]-275) and index. | ||
| 650 | 0 |
_aNationalism _zIndia _zTamil Nadu. _91951 |
|
| 650 | 0 |
_aProtestants _zIndia _zTamil Nadu _xPolitical activity. _91952 |
|
| 651 | 0 |
_aTamil Nadu (India) _xPolitics and government _y20th century. _91953 |
|
| 942 |
_2ddc _cBK _03 |
||
| 999 |
_c1096 _d1096 |
||